000 00288nam a22001337a 4500
008 170802b xxu||||| |||| 00| 0 eng d
020 _a9780201722192
041 _aeng
080 _22ND
_a004
100 _a32
101 _aSHK
245 _aSOFTWARE DESIGN
_cBUDGEN,D
942 _2udc
_cBK
999 _c22501
_d22501